LEADER 00972cam0-22003011i-450- 001 990007065990403321 005 20070709095216.0 010 $a15-615-9254-4 035 $a000706599 035 $aFED01000706599 035 $a(Aleph)000706599FED01 035 $a000706599 100 $a20020325d2001----km-y0itay50------ba 101 0 $aeng 102 $aGB 200 1 $a<>historical dictionary of world political geography$ean encyclopaedic guide to the history of nations$fCarlos Ramirez-Faria 210 $aBasingstoke-New York$cPalgrave$d2001 215 $aX, 447 p.$cc. geogr.$d24 cm 610 0 $aGeografia politica$aEnciclopedie e dizionari 676 $a320.12$v21$zita 700 1$aRamirez-Faria,$bCarlos$c<1936- > 801 0$aIT$bUNINA$gRICA$2UNIMARC 901 $aBK 912 $a990007065990403321 952 $aXXX Cod. 913$b37256$fFSPBC 959 $aFSPBC 996 $aHistorical dictionary of world political geography$9706165 997 $aUNINA LEADER 01335cam0-22004331i-450 001 990000798770403321 005 20190522100013.0 035 $a000079877 035 $aFED01000079877 035 $a(Aleph)000079877FED01 035 $a000079877 100 $a20020821d1976----km-y0itay50------ba 101 0 $aita 102 $aIT 105 $af-------001yy 200 1 $a<>spazio collettivo della cittą$ecostruzione e dissoluzione del sistema pubblico nell'architettura della cittą moderna$fMaurice Cerasi$gprefazione di Ludovico Quaroni 210 $aMilano$cMazzotta$d1976 215 $a162 p.$cill.$d24 cm 225 1 $aPlanning & design 610 0 $aCittą moderna$aTrasformazione 700 1$aCerasi,$bMaurice Münir$f<1932- >$0334283 702 1$aQuaroni,$bLudovico$f<1911-1987> 801 0$aIT$bUNINA$gRICA$2UNIMARC 901 $aBK 912 $a990000798770403321 952 $aCI.01.107$b200$fCICE 952 $aURB.LE B 1582$b9466$fFARBC 952 $a01 URB 147$b3235$fDINST 952 $aURB.LE B 107$b10309$fFARBC 952 $a340006$b2280$fDCATA 952 $aCAN 86$bs.i.$fDINST 952 $a12 MTD 4$b4950$fDARPU 959 $aDARPU 959 $aFARBC 959 $aCICE 959 $aDINST 959 $aDCATA 996 $aSpazio collettivo della cittą$9351482 997 $aUNINA LEADER 02325nam 2200385 450 001 9910131196103321 005 20240207205535.0 010 $a1-55441-846-1 024 7 $a10.1522/cla.anb.hom 035 $a(CKB)3680000000167432 035 $a(NjHacI)993680000000167432 035 $a(EXLCZ)993680000000167432 100 $a20240207d2005 uy 0 101 0 $afre 135 $aur||||||||||| 181 $ctxt$2rdacontent 182 $cc$2rdamedia 183 $acr$2rdacarrier 200 12$aL'homme (angut), le fils (irniq) et la lumie?re (qau), ou, Le cercle du pouvoir masculin chez les Inuit de l'Arctique central. /$fBernard Saladin d'Anglure 210 1$a[Place of publication not identified] :$cJ.-M. Tremblay,$d2005. 215 $a1 online resource 225 1 $aClassiques des sciences sociales 327 $aCosmogene?se, ontogene?se et "andocratie"--2. Mythes, ethnographies et logiques--Le passage du nord-ouest et le retour des fils du chien (1821-1823) --Figure 1. La maison --Aux grandes questions les grandes re?ponses (1921-23)--Figure 2. Plan au sol du campement d'AVA, a? ITIJJARIAQ en janvier 1922, e?tabli a? partir de Mathiassen (1928: 127) et comple?te? en 1971.--A? la recherche des logiques perdues (1971-)--3. La logique des diffe?rences--La diffe?renciation sexuelle--Le jour, la mort et la guerre--Gibiers et conjoints ou l'espace-temps diffe?rencie?--Figure 3. Diffe?renciation, comple?mentarite? et constructions analogiques dans la pense?e inuit. Essai de repre?sentation tridimensionnelle.--Un dualisme inuit--4. La logique de la comple?mentarite? et de la production de la vie--5. La reconstruction analogique et la cosmologique--L'Iglou, macrocosme de la femme, microcosme de l'univers --Conclusion: le cercle du pouvoir masculin--Re?fe?rences bibliographiques. 410 0$aClassiques des sciences sociales. 517 $aL'homme 606 $aInuit$zNunavut$xHistory 615 0$aInuit$xHistory. 676 $a305.897124097195 700 $ad'Anglure$b Bernard Saladin$01592435 801 0$bNjHacI 801 1$bNjHacl 906 $aBOOK 912 $a9910131196103321 996 $aL'homme (angut), le fils (irniq) et la lumie?re (qau), ou, Le cercle du pouvoir masculin chez les Inuit de l'Arctique central$93909985 997 $aUNINA